| 000 | 01058cam a2200277 a 4500 | ||
|---|---|---|---|
| 001 | 000005618 | ||
| 005 | 20260120073949.0 | ||
| 008 | 770131s1942 sp 000 0 spa | ||
| 040 |
_aDO-SdBNP _bspa _cBNPHU |
||
| 082 |
_a863.3 _bT316ca, 1942 |
||
| 100 | 0 |
_aTeresa de Jesús, _cSanta, _d1515-1582 _915863 |
|
| 245 | 1 | 0 |
_aCamino de perfección : _breproducción fidelísima del autógrafo de el Escorial con las variantes del autógrafo vallisoletano / _cSanta Teresa de Jesús ; edición de José María Aguado. |
| 250 | _a2a ed. | ||
| 260 |
_aMadrid : _bEspasa-Calpe, _c1942. |
||
| 300 |
_av. ; _c19 cm. |
||
| 490 | 1 |
_aClásicos castellanos _v98, 100 |
|
| 500 | _aLa biblioteca posee los tomos 1 y 2. | ||
| 650 | 4 |
_aNovela española _91123 |
|
| 650 | 4 |
_aLiteratura española _9632 |
|
| 650 | 4 |
_aVida religiosa _915864 |
|
| 650 | 0 |
_aVida espiritual _9268 |
|
| 650 | 0 |
_aVida cristiana _9668 |
|
| 650 | 4 |
_aMediación entre dios y hombre _xCristianismo _915865 |
|
| 700 | 1 |
_aAguado, José María, _eed. _915866 |
|
| 830 | 0 |
_aClásicos castellanos; _v98, 100 _94180 |
|
| 999 |
_c5417 _d5417 |
||